| 000 | 00905nam a22002177a 4500 | ||
|---|---|---|---|
| 005 | 20240530110553.0 | ||
| 008 | 160730s2014 ua a f |||| 00| 0 ara d | ||
| 017 |
_a2013/8972 _bمصر. دار الكتب الوطنية |
||
| 020 | _a9789773832721 | ||
| 040 | _aEG-CaGPL | ||
| 082 | 0 | 4 |
_a658.84/ _bم ص _221 |
| 100 | 0 | _aمحسن احمد الخضيري. | |
| 245 | 1 | 0 |
_aصناعة الاسواق : _bمدخل اقتصادي و اداري متكامل لانشاء و بناء اسواق محلية و دولية و اعدة دائمة و مستمرة / _cاعداد محسن احمد الخضيري. |
| 250 | _aط. 1. | ||
| 260 |
_aالقاهرة : _bايتراك للطباعة والنشر والتوزيع، _c2014. |
||
| 300 |
_a276 ص. : _bاشكال ؛ _c24 سم. |
||
| 650 | 4 | _aالاسواق | |
| 650 | 4 | _aالتسويق | |
| 942 |
_2ddc _cBK |
||
| 999 |
_c62509 _d62509 |
||